[Event "GRE-ch U16 Girls"]
[Site "Patras"]
[Date "2019.06.27"]
[Round "3.5"]
[White "Leontzakou, Stavroula Ioanna"]
[Black "Bania, Eleni"]
[Result "0-1"]
[WhiteElo "1053"]
[BlackElo "1455"]
[PlyCount "100"]
[EventDate "2019.06.25"]
[EventType "swiss"]
[EventRounds "7"]
[EventCountry "GRE"]
[SourceTitle "EXT 2020"]
[Source "ChessBase"]
[SourceDate "2019.10.17"]
[SourceVersion "1"]
[SourceVersionDate "2019.10.17"]
[SourceQuality "1"]
[WhiteTeam "Greece"]
[BlackTeam "Greece"]
[WhiteTeamCountry "GRE"]
[BlackTeamCountry "GRE"]

1. e4 e5 2. Nf3 Nc6 3. Bb5 a6 4. Ba4 Nge7 5. 0-0 g6 6. c3 Bg7 7. d4 exd4 8. cxd4 b5 9. Bb3 0-0 10. Re1 d6 11. h3 Na5 12. Bc2 c5 13. Be3 Nc4 14. b3 Nxe3 15. Rxe3 Qb6 16. dxc5 Qxc5 17. b4 Qxb4 18. e5 dxe5 19. Nxe5 Bxe5 20. Rxe5 Qb2 21. Nc3 Qxc3 22. Rxe7 Be6 23. Bb3 Qc5 24. Rb7 Qc6 25. Re7 Rfe8 26. Rxe8+ Rxe8 27. Rc1 Qe4 28. Qd6 Bxb3 29. axb3 Qe6 30. Qf4 Qxb3 31. Rc7 Qe6 32. Kh2 Qe5 33. Rxf7 Qxf4+ 34. Rxf4 a5 35. g4 b4 36. Rc4 b3 37. Rc1 b2 38. Rb1 Rb8 39. Kg2 a4 40. h4 a3 41. Re1 b1Q 42. Rxb1 Rxb1 43. Kg3 a2 44. h5 a1Q 45. hxg6 Qe5+ 46. f4 Qe3+ 47. Kh4 Qxf4 48. Kh3 Rg1 49. gxh7+ Kxh7 50. g5 Qg3# 0-1